Т. 66, № 4; Журнал неорганической химии

מידע ביבליוגרפי
Parent link:Журнал неорганической химии/ Российская академия наук (РАН), Отделение химии и наук о материалах РАН. Т. 66, № 4.— , 1956-
שפה:רוסית
יצא לאור: 2021
גישה מקוונת:https://elibrary.ru/contents.asp?id=44768813
https://sciencejournals.ru/view-issue/?j=nergkhim&y=2021&v=66&n=4
פורמט: אלקטרוני ספר
KOHA link:https://koha.lib.tpu.ru/cgi-bin/koha/opac-detail.pl?biblionumber=586340

MARC

LEADER 00000nam2a2200000 4500
001 586340
005 20231101131356.0
035 |a (RuTPU)RU\TPU\prd\288865 
090 |a 586340 
100 |a 20210517a19569999k y0rusy50 ca 
101 0 |a rus 
102 |a RU 
200 0 |a Т. 66, № 4 
210 |d 2021 
461 1 |0 (RuTPU)RU\TPU\prd\160  |t Журнал неорганической химии  |f Российская академия наук (РАН), Отделение химии и наук о материалах РАН  |v Т. 66, № 4  |d 1956- 
801 0 |a RU  |b 63413507  |c 20010227  |g PSBO 
801 1 |a RU  |b 63413507  |c 20210517 
801 2 |a RU  |b 63413507  |c 20230411  |g RCR 
856 4 0 |u https://elibrary.ru/contents.asp?id=44768813 
856 4 0 |u https://sciencejournals.ru/view-issue/?j=nergkhim&y=2021&v=66&n=4 
942 |c BK 
999 |a НТБ_ТПУ  |b НФ  |e -1/20210108  |p П-5998  |s 2/20210201  |u 0,00  |v 1